| 000 | 01995cam a2200397 a 4500 | ||
|---|---|---|---|
| 999 |
_c330779 _d330779 |
||
| 001 | 16030351 | ||
| 003 | NUST | ||
| 005 | 20170806190114.0 | ||
| 008 | 091221s2009 pk a b 000 0curd | ||
| 010 | _a 2009361650 | ||
| 020 | _a9789693703351 | ||
| 025 | _aP-U-2009361650; 14 | ||
| 040 |
_aDLC _cDLC _dDLC |
||
| 041 | 0 |
_aurd _aeng |
|
| 042 |
_alcode _apcc |
||
| 050 | 0 | 0 |
_aPN452 _b.I23 2009 |
| 066 |
_c(3 _c(4 |
||
| 082 |
_a891.4393 _bIBA |
||
| 100 | 1 |
_6880-01 _aʻIbād, Ṣafiyah. _93770 |
|
| 245 | 1 | 0 |
_6880-02 _aRāg rut, k̲h̲vāhish-i marg aur tanhā phūl : _badībon̲ men̲ k̲h̲vudkushī ke muḥarrikāt : Urdū adab ke k̲h̲uṣūṣī ḥavāle se / _cṢafiyah ʻIbād. |
| 260 |
_6880-03 _aIslāmābād : _bNaishnal Buk Fāʼūḍishan, _c2009. |
||
| 300 |
_axv, 383 p. : _bill. ; _c26 cm. |
||
| 500 | _aOriginally presented as the author's thesis (Ph. D)--National University of Modern Languages. | ||
| 504 | _aIncludes bibliographical references (p. 368-383). | ||
| 520 | _aHistorical study of the causes of suicide in authors with special reference to Urdu poets; includes biographical sketches of authors who commit suicide or attempt for suicide. | ||
| 546 | _aUrdu; some in English. | ||
| 650 | 0 |
_aAuthors _xSuicidal behavior. _93771 |
|
| 650 | 0 |
_aPoets, Urdu _xSuicidal behavior. _93772 |
|
| 710 | 2 |
_6880-04 _aNational Book Foundation (Pakistan) _91397 |
|
| 880 | 1 |
_6100-01/(3/r _aعباد، صفيه. |
|
| 880 | 1 | 0 |
_6245-02/(3/r _aراگ رت، خواهش مرگ اور تنها پھول : _bاديبوں ميں خودکشى کے محرکات : اردو ادب کے خصوصى حوالے سے / _cصفيه عباد. |
| 880 |
_6260-03/(3/r _aاسلامآباد : _bنيشنل بک فاؤنڈيشن، _c2009. |
||
| 880 | 2 |
_6710-04/(3/r _aنيشنل بک فاؤنڈيشن(Pakistan) |
|
| 906 |
_a7 _bcbc _corigode _d3 _encip _f20 _gy-nonroman |
||
| 942 |
_2ddc _cBK |
||